Dans quel pays se trouvent ces monuments ? - Statistiques

Statistiques générales
  • Ce quiz a été pris 168 fois
    127 depuis la dernière actualisation
  • Le résultat moyen est 14 sur 16
Statistiques - réponses
Par images Réponse % Correct
Angleterre/Royaume-Uni
100%
Égypte
100%
États-Unis
100%
France
100%
Italie
100%
Chine
99%
Brésil
98%
Grèce
98%
Australie
96%
Inde
95%
Espagne
93%
Russie
92%
Pérou
87%
Mexique
83%
Portugal
42%
Pologne
15%
Aucun quiz correspondant
Distribution des résultats
% des personnes avec chaque résultat
Percentile par nombre de réponses
Votre historique - résultats
Vous n’avez pas pris ce quiz depuis la dernière actualisation